000 00662nam a2200205 a 4500
001 000014897
005 20200929163923.0
008 100127s1994 dr a r 000 0 spa d
040 _aDO-SdBNP
_bspa
_cBNPHU
082 _a795.3
_bD542d
100 1 _aDíaz, José
_99448
245 1 3 _aEl domino :
_bjuego de pareja /
_cJosé Díaz ; prólogo Marcos Jiménez.
260 _aSanto Domingo, :
_bAlfa & Omega,
_c1994.
300 _a64 p. :
_bil. ;
_c23 cm.
500 _aIncluye notas al pie de las páginas
590 _aInventariado, 2018/BT
650 4 _aDomino
_920160
700 1 2 _aJiménez, Marcos,
_epról.
_933737
910 _aValidado. Control de calidad. MFF
999 _c14477
_d14477